| 000 | 00708nam a22002297a 4500 | ||
|---|---|---|---|
| 999 |
_c6035 _d6035 |
||
| 001 | 6370 | ||
| 003 | BD-DhUAP | ||
| 005 | 20201223155937.0 | ||
| 008 | 201223r19942001ii a|||| |||| 001 0 eng d | ||
| 020 | _a8120409302 | ||
| 040 |
_aBD-DhUAP _bEng _cBD-DhUAP _dBD-DhUAP |
||
| 082 |
_223 _a628.1 HUS |
||
| 100 | _aHussain, S. K. | ||
| 245 |
_aTextbook of water supply and sanitary engineering : _bin m k s systems of units... / _cS. K. Hussain. |
||
| 250 | _a3rd ed. | ||
| 260 |
_aNew Delhi : _bOxford & IBH Pub., _c1994 [2001]. |
||
| 300 |
_axix, 906 pages : _billustrations ; _c22 cm. |
||
| 500 | _aIncludes index. | ||
| 650 |
_aWater supply _zIndia. |
||
| 650 |
_aSanitation _zIndia. |
||
| 942 |
_2ddc _cBK |
||